| 000 | 01130nam a22003137a 4500 | ||
|---|---|---|---|
| 003 | CHAP | ||
| 005 | 20220329133127.0 | ||
| 008 | 971013s1990 r 00010 d | ||
| 010 | _a2467 | ||
| 011 | _a3439 | ||
| 035 | _a2639 | ||
| 040 | _cCHAP | ||
| 090 | _aFolleto 13253 | ||
| 100 | 0 | 0 |
_aKorban, S. S. _963731 |
| 245 | _aDisease-resistant apple cultivars developed from the apple breeding program at the University of Illinois | ||
| 260 |
_aUrbana-Champaign : _bUniversity of Illinois. Agricultural Experiment Station, _c1990 |
||
| 300 |
_a4 p. _b: illus |
||
| 490 |
_aUniversity of Illinois. Agricultural Experiment Station. Bulletin _v; 790 |
||
| 500 | _aD46-4 | ||
| 590 |
_aBATCH-UPD _b10 _c20130110 _lUCH01 _h2157 |
||
| 590 |
_aCONVERSION _b10 _c20130109 _lUCH01 _h1303 |
||
| 650 | 1 | 4 |
_aManzana _xMejoramiento. _970785 |
| 650 | 1 | 4 |
_aManzana _xVariedades resistentes a enfermedades. _970811 |
| 700 | 0 |
_aO'Connor, P. A. _982345 |
|
| 830 | 0 |
_aUniversity of Illinois. Agricultural Experiment Station. Bulletin _v; 790 _9116729 |
|
| 901 | _aBK | ||
| 942 | _cFOLL | ||
| 949 |
_aFolleto 13253 _bBC _cFOLL _d-12145 _eTS1 _i2639 _mD _si |
||
| 999 |
_c2467 _d2467 |
||